Statistics for EUROPE ANAGRAM COUNTRY QUIZ #1

Click here to take the quiz!

General Stats

  • This quiz has been taken 31 times
  • The average score is 15 of 15

Answer Stats

HintAnswer% Correct
ASUTIRAAUSTRIA
100%
BEGUMLIBELGIUM
100%
DEMNAKRDENMARK
100%
ENLGNDAENGLAND
100%
FLNINDAFINLAND
100%
FRNCAEFRANCE
100%
GREMYNAGERMANY
100%
ILATYITALY
100%
NROWYANORWAY
100%
POTRGUALPORTUGAL
100%
RSSUAIRUSSIA
100%
SDEEWNSWEDEN
100%
PLNODAPOLAND
97%
SIPNASPAIN
97%
WLASEWALES
90%

Score Distribution

Percentile by Number Answered

Percent of People with Each Score

Your Score History

You have not taken this quiz